Video Game Logos Quiz [REMAKE] - Statistics

General Stats
  • This quiz has been taken 2,997 times
  • The average score is 10 of 15
Answer Stats
Picture Answer % Correct
Pokemon
98%
Minecraft
97%
Pac-Man
96%
Super Mario
96%
Roblox
94%
SEGA
89%
Tetris
89%
Switch
78%
Super Smash Bros
64%
Splatoon
58%
Halo
55%
Little Nightmares
46%
Team Fortress 2
39%
Splinter Cell
28%
Dreamcast
24%
No matching quizzes found
Score Distribution
Percent of People with Each Score
Percentile by Number Answered
Your Score History
You have not taken this quiz